| 000 | 01114nam a22003135a 4500 | ||
|---|---|---|---|
| 003 | EG-ScBUE | ||
| 005 | 20220803095914.0 | ||
| 008 | 120912r20152011enka f 000 0 eng d | ||
| 020 | _a9780194741576 | ||
| 040 |
_aEG-ScBUE _beng _erda _cEG-ScBUE _dEG-ScBUE |
||
| 082 | 0 | 4 |
_a428.24 _bPHI _222 |
| 100 | 1 |
_aPhilpot, Sarah, _eauthor. _930903 |
|
| 245 | 1 | 0 |
_aAcademic skills : _blistening, speaking, and study skills. _nLevel 2, _pStudent's book / _cSarah Philpot and Lesley Curnick. |
| 250 | _aReprinted edition. | ||
| 264 | 1 |
_aOxford, United Kingdom : _bOxford University Press, _c2015. |
|
| 300 |
_a79 pages : _billustrations ; _c28 cm. |
||
| 336 |
_2rdacontent _atext _btxt |
||
| 337 |
_2rdamedia _aunmediated _bn |
||
| 338 |
_2rdacarrier _avolume _bnc |
||
| 490 | 0 | _aHeadway academic skills | |
| 521 | _aFor B1 learners. | ||
| 590 | _amustafa galal. | ||
| 650 | 7 |
_aEnglish language _xStudy and teaching (Higher) _xForeign speakers. _2BUEsh |
|
| 651 | _2BUEsh | ||
| 653 |
_bHHUUEENN _cAugust2015 _cJanuary2019 |
||
| 655 |
_vReading book _934232 |
||
| 700 | 1 |
_aCurnick, Lesley, _eauthor. _919904 |
|
| 942 |
_2ddc _cBB |
||
| 999 |
_c16996 _d16968 |
||